000 00442nam a2200169Ia 4500
008 240729s9999 xx 000 0 und d
022 _a2309-4990
245 0 _aJournal of Orthopaedic Surgery
260 _aUnited States
260 _bSAGE Publishing
650 _a Orthopedic surgery
650 _a Surgery
650 _aMedicine
856 _uhttps://doaj.org/toc/bf3ba11064e042fd87bbcc7192787b56
942 _2ddc
942 _cDOAJEJ
999 _c67828
_d67828
945 _a1
_bMadushi Gamage
_c1
_dMadushi Gamage